Ser prójimo (Registro nro. 70062)
[ vista simple ]
| 000 -LÍDER | |
|---|---|
| Campo fijo de descripción fija | 01383nab a2200229 i 4500 |
| 001 - NÚMERO DE CONTROL | |
| Campo de control | 768714001 |
| 003 - IDENTIFICADOR DEL NÚMERO DE CONTROL | |
| Campo de control | CO-MdFUSB |
| 005 - FECHA Y HORA DE LA ULTIMA TRANSACCIÓN | |
| control field | 20240609113850.0 |
| 008 - ELEMENTOS DE LONGITUD FIJA -- INFORMACIÓN GENERAL | |
| Campo fijo de descripción fija -- Información general | 240604t1978 ag ||||| |||| 00| 0 spa d |
| 040 ## - FUENTE DE CATALOGACIÓN | |
| Idioma de catalogación | spa |
| Agencia que realiza la transcripción | CO-MdFUSB |
| Agencia que realiza la modificación | CO-MdFUSB |
| 041 ## - CÓDIGO DE IDIOMA | |
| Código de idioma para texto/pista de sonido o título separado | spa |
| 100 1# - ASIENTO PRINCIPAL--NOMBRE PERSONAL | |
| Nombre personal | Padilla, C. René |
| Fechas asociadas con el nombre | 1932- |
| Término relacionador | autor |
| 245 ## - TÍTULO | |
| Título | Ser prójimo |
| Mención de responsabilidad | / C. René Padilla |
| 520 ## - NOTA DE RESUMEN, ETC. | |
| Nota de sumario, etc. | Según Jesús, la cuestión no es: "¿quién es mi prójimo?", sino "¿actúo yo como prójimo?". <br/>Pero la pregunta de Jesús revela la naturaleza de la parálisis que aflige a su interlocutor: no ama porque no sabe quién es su prójimo, sino porque no quiere vivir según su amor al prójimo.<br/>Ahí radica nuestro problema: no en el conocimiento intelectual, sino en la obediencia. Y si reconocemos esto, no necesitamos más explicaciones sobre el significado amoroso del amor, que está ilustrado por la acción del Buen Samaritano. Son efectivas las palabras con las que Jesús finaliza el diálogo con el rabino: "Ve y haz lo mismo". |
| 650 #7 - ASIENTO SECUNDARIO DE MATERIA - TERMINO TEMÁTICO | |
| Término temático o nombre geográfico como elemento de entrada | Cristología |
| 9 (RLIN) | 239 |
| 650 #7 - ASIENTO SECUNDARIO DE MATERIA - TERMINO TEMÁTICO | |
| Término temático o nombre geográfico como elemento de entrada | Hermenéutica bíblica |
| 9 (RLIN) | 7333 |
| 650 #7 - ASIENTO SECUNDARIO DE MATERIA - TERMINO TEMÁTICO | |
| Término temático o nombre geográfico como elemento de entrada | Enseñanza bíblica |
| 9 (RLIN) | 1266 |
| 650 #7 - ASIENTO SECUNDARIO DE MATERIA - TERMINO TEMÁTICO | |
| Término temático o nombre geográfico como elemento de entrada | Humanitarismo |
| 9 (RLIN) | 7312 |
| 773 0# - ASIENTO DE ITEM FUENTE | |
| Biblionumber | 69974 |
| Itemnumber | 82718 |
| Lugar, editorial y fecha de publicación | Buenos Aires |
| Otro identificador del ítem | R2610 |
| Título | Certeza |
| Número de control del registro | (CO-MdFUSB)768714001 |
| Parte(s) relacionada(s) / Volumen., número. (mes año), páginas | Número 69, (enero - marzo, 1978) páginas: 147 - 150 |
| Enumeración y primera página | página: 147 |
| 942 ## - TIPO DE MATERIAL (KOHA) | |
| Tipo de Item KOHA | Artículos de Revista |
| 945 ## - INFORMACIÓN LOCAL DEL REGISTRO | |
| Catalogador | Catherine Arias Alvarez - Practicante SENA |
No hay ítems disponibles.
